Excel 2016 : práce s databázemi a kontingenčními tabulkami /
Uložené v:
| Hlavný autor: | |
|---|---|
| Médium: | Kniha |
| Jazyk: | Czech English |
| Vydané: |
Praha :
Grada,
2017.
|
| Vydanie: | První vydání |
| Edícia: | Průvodce (Grada)
|
| Témy: | |
| ISBN: |
9788027104772 (brož.) |
| Fyzický popis: |
144 strán : ilustrácie ; 24 cm. |
| Tagy: |
Pridať tag
Žiadne tagy, Buďte prvý kto otaguje tento záznam!
|
Titul je dostupný aj v ... 

MARC
| LEADER | 00000nam a2200000 i 4500 | ||
|---|---|---|---|
| 001 | 000558821 | ||
| 005 | 20171116100354.0 | ||
| 008 | 170718s2017 xr a e f 001 0 cze d | ||
| 020 | |a 9788027104772 (brož.) | ||
| 040 | |a SVKKK |b slo |c SVKKK |e AACR2 | ||
| 041 | 0 | |a eng | |
| 044 | |a xr |c CZ | ||
| 072 | 7 | |a 004.4/.6 |x Programovanie. Softvér |2 konspekt | |
| 080 | |a 004.42Excel |2 2011 | ||
| 080 | |a 004.67 |2 2011 | ||
| 080 | |a 004.652 |2 2011 | ||
| 080 | |a (035) |2 2011 | ||
| 100 | 1 | |a Laurenčík, Marek |4 aut | |
| 245 | 1 | 0 | |a Excel 2016 : |b práce s databázemi a kontingenčními tabulkami / |c Marek Laurenčík. |
| 250 | |a První vydání | ||
| 260 | |a Praha : |b Grada, |c 2017. | ||
| 300 | |a 144 strán : |b ilustrácie ; |c 24 cm. | ||
| 490 | 1 | |a Průvodce | |
| 504 | |a Register: s. 143-144 | ||
| 650 | 0 | 7 | |a Microsoft Excel 2016 |2 SVKKKPH |
| 650 | 0 | 7 | |a tabuľkové procesory |2 SVKKKPH |
| 650 | 0 | 7 | |a databáza |2 SVKKKPH |
| 655 | 7 | |a príručky |2 SVKKKPH | |
| 830 | 0 | |a Průvodce (Grada) | |
| 910 | |a svkkk | ||
| 919 | |a 978-80-271-0477-2 | ||
| 998 | |a BK | ||
| 090 | |g SCKHL |k Sklad Hlavná 10 prízemie |a IV.230366 |j 1083301 |i 2720482234 |s Absenčne | ||
| 090 | |g SCKHL |k Sklad Hlavná 10 prízemie |a IV.230367 |j 1083302 |i 2720482235 |s Absenčne | ||